| 000 | 01264cam a2200301M 4500 | ||
|---|---|---|---|
| 001 | popularmechanics00hick | ||
| 003 | CaSfIA | ||
| 005 | 20210118211235.0 | ||
| 007 | cr|||| | ||
| 008 | 930408s1979 nyua 001 0 eng d | ||
| 010 | _a 78069987 | ||
| 040 |
_aZGA _cZGA _dCaSfIA |
||
| 020 | _a0910990719 | ||
| 020 | _a9780910990714 | ||
| 035 | _a(OCoLC)70184382 | ||
| 245 | 0 | 0 |
_aPopular mechanics do-it-yourself yearbook 1979. _h[electronic resource] |
| 260 |
_aNew York : _bPopular Mechanics, _c1979. |
||
| 300 |
_a190 p. : _bill. ; _c29 cm. |
||
| 500 | _aIncludes index. | ||
| 650 | 0 | _aHandicraft. | |
| 650 | 0 |
_aRepairing _xAmateurs' manuals. |
|
| 730 | 0 | _aPopular mechanics magazine. | |
| 856 | 4 | 1 |
_uhttp://www.archive.org/details/popularmechanics00hick _zFree eBook from the Internet Archive |
| 856 | 4 | 2 |
_uhttp://www.openlibrary.org/books/OL24623137M _zAdditional information and access via Open Library |
| 942 | _cEB | ||
| 506 | _fНеобхідна авторизація на https://archive.org/ (створення облікового запису безкоштовно) | ||
| 506 | _fНеобхідна авторизація на https://openlibrary.org/ (створення облікового запису безкоштовно) | ||
| 999 |
_c537937 _d537937 |
||